| 000 | 00690nam a2200253Ia 4500 | ||
|---|---|---|---|
| 003 | OSt | ||
| 005 | 20220228172434.0 | ||
| 008 | 150909s9999 xx 000 0 und d | ||
| 040 | _cCOH | ||
| 041 | _aEnglish | ||
| 082 | _a631.53 | ||
| 082 | _bADH/GE | ||
| 100 |
_aAdheena Ram A _4Researcher |
||
| 100 |
_aElsy C.R _4Guide |
||
| 245 | _aGenotype X environment interaction in aromatic rice (Oriza sativa L) Cultivars of Wayanad district of Kerala | ||
| 250 | _aMsc | ||
| 260 | _aThrissur | ||
| 260 | _bCollege of horticulture | ||
| 260 | _c2012 | ||
| 300 | _a164 Pages | ||
| 300 | _ewith CD | ||
| 650 | _aPlant breeding and Genetics | ||
| 942 |
_cTH _2ddc |
||
| 999 |
_c198411 _d198411 |
||